000 00539nam a2200205Ia 4500
999 _c13913
_d13913
003 GCL
005 20240530100105.0
008 140319s9999 xx 000 0 aRus d
040 _aGCL /
_cGCL
082 0 4 _a720.946
_bM A
100 1 _aMARTIN, ALEFONSO JIMENEZ
245 1 0 _aARQUITE CTURA EN AL ANDALUS /
_cMARTIN, ALEFONSO JIMENEZ
260 _a[S.N] :
_bJUNA DE ANDALUCIA ،
_c1996
300 _a284 P
650 0 4 _aSPAIN
650 0 4 _aARCHITECTURE - ANDALUS
650 0 4 _aARCHITECTURE
650 0 4 _aANDALUS
942 _2ddc
_cBK